000 00618cam a22002291a 4500
001 ne 67001844
003 DLC
005 20260227111835.0
008 851121s1959 ua 000 0 ara
010 _ane 67001844
035 _a(OCoLC)12828943
040 _aDLC
_cWaU
_dWaU
_dDLC
042 _apremarc
043 _aa-iq---
050 0 0 _aDS79
_b.U3
100 1 _aʻAwdah, Muḥammad.
245 1 0 _aThawrat al-ʻIrāq /
_cMuḥammad ʻAwdah.
260 _a[Cairo?] :
_bDār al-Nadīm,
_c[1959?]
300 _a89 p. ;
_c20 cm.
490 0 _aDirāsāt fī al-ḥarakah al-waṭanīyah
651 0 _aIraq
_xHistory.
999 _c49844
_d49844